000 00532nam a2200193Ia 4500
003 OSt
005 20250726120153.0
008 210210b2000 xxu||||| |||| 00| 0 eng d
040 _cAL
041 _aKannada
082 _aK894.3 SHAK
100 _aSHALINI A KUMBALE.
_9220357
_dಶಾಲಿನಿ ಎ ಕುಂಬಳೆ
245 _aKatheyadavalu.
_bಕಥೆಯಾದವಳು
260 _aMangalore
_bHemanshu Prakashana
_c2000
300 _a144
690 _aKannada Fiction
_9220358
906 _a055774
942 _2ddc
_cBK
999 _c103290
_d103290